| 000 | 00771nam a22002297a 4500 | ||
|---|---|---|---|
| 999 |
_c7444 _d7444 |
||
| 003 | AR-CdUCM | ||
| 008 | 190320b ||||| |||| 00| 0 spa d | ||
| 040 |
_aMUNICIPALIDAD PROVINCIAL DEL CUSCO _cBIBLIOTECA MUNICIPAL DEL CUSCO |
||
| 082 |
_a510.076 / _bC79 |
||
| 100 |
_aCornejo Rosell, Hugo _920993 |
||
| 245 | _aRazonamiento Matemático / | ||
| 260 |
_aCusco : _bLa estrella, _c1999. |
||
| 300 |
_a355 paginas ; _bGraficos, fguras, _c20 cm. |
||
| 500 | _aMatematicas | ||
| 505 | _aContenido: aqnalogias y distribuciones -- trazos -- sucesiones numericas -- sintesis -- ingeniosidad... | ||
| 650 |
_aRazonamiento _920965 |
||
| 650 |
_aMatematicas _99398 |
||
| 650 |
_aAnalogias _920994 |
||
| 650 |
_aNumeros Naturales _920995 |
||
| 942 |
_2ddc _cLIBROS |
||
| 945 | _apjha | ||